[Event "Franconville-Lille"]
[Site "Franconville"]
[Date "2007.10.21"]
[Round "1.1"]
[White "Debray, Christopher"]
[Black "Roger, Mehdi"]
[Result "1-0"]
[WhiteElo "2380"]
[BlackElo "2205"]
[PlyCount "71"]
[EventDate "2007.10.21"]
[SourceDate "2007.10.24"]

1. e4 e6 2. d4 d5 3. Nc3 Nf6 4. e5 Nfd7 5. Nce2 c5 6. c3 Nc6 7. f4 cxd4 8. cxd4
Qb6 9. Nf3 Be7 10. a3 f6 11. Neg1 f5 12. b4 Nf8 13. Be3 Bd7 14. Bd3 O-O-O 15.
Ne2 Re8 16. Kf2 Kb8 17. Nc3 Nd8 18. b5 Nf7 19. Na4 Qd8 20. Nc5 g5 21. Rb1 gxf4
22. Bxf4 Ng6 23. Bd2 Bc8 24. Qc1 Bxc5 25. dxc5 Nfxe5 26. Nxe5 Nxe5 27. Bf4 Qc7
28. Ke2 d4 29. Bg3 Rd8 30. b6 Qe7 31. Qf4 Rd5 32. bxa7+ Ka8 33. Kd2 Bd7 34.
Rhe1 Nc6 35. Qc7 Qg5+ 36. Kd1 1-0

[Event "Franconville-Lille"]
[Site "Franconville"]
[Date "2007.10.21"]
[Round "1.2"]
[White "Cappon, John"]
[Black "Jacquet, Francois"]
[Result "1/2-1/2"]
[WhiteElo "2223"]
[BlackElo "2219"]
[PlyCount "40"]
[EventDate "2007.10.21"]
[SourceDate "2007.10.24"]

1. e4 c5 2. Nf3 d6 3. Bb5+ Bd7 4. Bxd7+ Qxd7 5. O-O Nf6 6. Qe2 Nc6 7. c3 e6 8.
d4 cxd4 9. cxd4 d5 10. e5 Ne4 11. Be3 Be7 12. Ne1 f6 13. f3 Ng5 14. Nd3 O-O 15.
Nd2 Nf7 16. f4 Nh6 17. g4 g5 18. h3 Rac8 19. Rfc1 Nb4 20. Nxb4 Bxb4 1/2-1/2

[Event "Franconville-Lille"]
[Site "Franconville"]
[Date "2007.10.21"]
[Round "1.3"]
[White "Appendino, Jerome"]
[Black "Bouhallel, Rabah"]
[Result "0-1"]
[WhiteElo "2177"]
[BlackElo "2287"]
[PlyCount "64"]
[EventDate "2007.10.21"]
[SourceDate "2007.10.24"]

1. e4 c5 2. Nf3 e6 3. d4 cxd4 4. Nxd4 a6 5. c4 Nf6 6. Nc3 Qc7 7. a3 d6 8. Be3
Nbd7 9. Be2 g6 10. O-O Bg7 11. f4 O-O 12. Rc1 b6 13. b4 Bb7 14. Bf3 Rac8 15. g4
h6 16. h4 Qd8 17. g5 hxg5 18. hxg5 Nh7 19. Bg4 Re8 20. Nde2 Qe7 21. Qd3 Nxg5
22. Rcd1 Nf6 23. Bf3 Nxf3+ 24. Rxf3 Qc7 25. Qxd6 Nxe4 26. Qxc7 Rxc7 27. Nxe4
Bxe4 28. Rf2 Rxc4 29. Bxb6 Bb2 30. Bd4 Rd8 31. Bxb2 Rxd1+ 32. Kh2 Rd2 0-1

[Event "Franconville-Lille"]
[Site "Franconville"]
[Date "2007.10.21"]
[Round "1.4"]
[White "Julve, Philippe"]
[Black "Jactel, Nicolas"]
[Result "1-0"]
[WhiteElo "2224"]
[BlackElo "2126"]
[PlyCount "83"]
[EventDate "2007.10.21"]
[SourceDate "2007.10.24"]

1. c4 Nf6 2. Nf3 g6 3. b3 Bg7 4. Bb2 O-O 5. e3 c5 6. Be2 Nc6 7. O-O b6 8. d4
cxd4 9. exd4 d5 10. Nbd2 Bb7 11. Rc1 Rc8 12. Re1 e6 13. c5 Ne4 14. Bd3 Nxc5 15.
Bb1 Nd7 16. Nf1 Nf6 17. Ng3 Qd6 18. Qd2 Rfd8 19. h4 h5 20. Ng5 Ne7 21. Bc3 Nc6
22. Qe3 b5 23. Qf3 b4 24. Bb2 Ne7 25. Rc5 Nf5 26. Bxf5 exf5 27. Rb5 Ba6 28. Ra5
Qb6 29. Rc5 Rxc5 30. dxc5 Qxc5 31. Nxf5 gxf5 32. Bxf6 Bxf6 33. Qxf5 Bxg5 34.
Qxg5+ Kh7 35. Qxh5+ Kg8 36. Qg5+ Kh7 37. Qxd8 Bd3 38. Qg5 Qd4 39. Re7 Bg6 40.
g4 Qa1+ 41. Kh2 Qxa2 42. Qf6 1-0

[Event "Franconville-Lille"]
[Site "Franconville"]
[Date "2007.10.21"]
[Round "1.5"]
[White "Barthes, Christian"]
[Black "Burgnies, Stephane"]
[Result "1-0"]
[WhiteElo "2118"]
[BlackElo "2164"]
[PlyCount "51"]
[EventDate "2007.10.21"]
[SourceDate "2007.10.24"]

1. d4 d5 2. c4 e6 3. Nf3 Nf6 4. g3 dxc4 5. Qa4+ Nc6 6. Qxc4 Bb4+ 7. Bd2 Qd6 8.
a3 Bxd2+ 9. Nbxd2 e5 10. dxe5 Nxe5 11. Qb5+ Nc6 12. Rd1 O-O 13. Bg2 a6 14. Qa4
Re8 15. h3 Qd3 16. e3 Rxe3+ 17. fxe3 Qxe3+ 18. Kf1 Bf5 19. Ne1 Re8 20. Bxc6
bxc6 21. Qb3 Qe2+ 22. Kg1 Bc2 23. Qxc2 Qe3+ 24. Kh2 Qf2+ 25. Ng2 Re2 26. Qxc6
1-0

[Event "Franconville-Lille"]
[Site "Franconville"]
[Date "2007.10.21"]
[Round "1.6"]
[White "Israel, Gregory"]
[Black "Le, Remy"]
[Result "1-0"]
[WhiteElo "2165"]
[BlackElo "2075"]
[PlyCount "93"]
[EventDate "2007.10.21"]
[SourceDate "2007.10.24"]

1. d4 d5 2. c4 e6 3. Nc3 Nf6 4. cxd5 exd5 5. Bg5 c6 6. e3 Bf5 7. Qf3 Bg6 8.
Bxf6 Qxf6 9. Qxf6 gxf6 10. h4 h5 11. Kd2 Nd7 12. Bd3 O-O-O 13. Nge2 Bd6 14. a3
Kb8 15. Na4 f5 16. b4 Nf6 17. Rab1 Ne4+ 18. Bxe4 fxe4 19. Rhc1 f5 20. g3 Rh7
21. Nc5 Re7 22. Nf4 Bf7 23. b5 cxb5 24. Rxb5 Be8 25. Rb3 Bxc5 26. Rxc5 Bf7 27.
Rc6 Rh8 28. Rf6 Rc7 29. Rxf5 Rhc8 30. Rb2 Be8 31. Nxd5 Rc1 32. Rf8 Ra1 33. Nf6
Rd1+ 34. Ke2 Bb5+ 35. Rxb5 Rxf8 36. Nd7+ Kc7 37. Nxf8 Ra1 38. Rb3 Kc6 39. Ne6
Ra2+ 40. Kf1 b5 41. Rc3+ Kd6 42. Nc7 Rb2 43. Rc5 b4 44. axb4 Rxb4 45. Nb5+ Ke6
46. Nxa7 Kf6 47. Rxh5 1-0

[Event "Franconville-Lille"]
[Site "Franconville"]
[Date "2007.10.21"]
[Round "1.7"]
[White "Abouan, Stephane"]
[Black "Levaux, Christian"]
[Result "0-1"]
[WhiteElo "2050"]
[BlackElo "2091"]
[PlyCount "106"]
[EventDate "2007.10.21"]
[SourceDate "2007.10.24"]

1. e4 e6 2. d3 c5 3. Nf3 Nc6 4. c3 Nf6 5. g3 Be7 6. Bg2 O-O 7. O-O d5 8. e5 Nd7
9. Re1 b5 10. h4 a5 11. Bf4 a4 12. Nbd2 c4 13. a3 cxd3 14. Bf1 Nc5 15. Nd4 Qb6
16. N2f3 Nxd4 17. Nxd4 Ba6 18. h5 Rac8 19. h6 g6 20. Be3 Rfe8 21. g4 Qc7 22. f4
Bh4 23. Bf2 Bxf2+ 24. Kxf2 f5 25. Bxd3 fxg4 26. Bc2 Ne4+ 27. Bxe4 dxe4 28. Rxe4
Qc5 29. Qxg4 Bb7 30. Re3 Qd5 31. Rg1 Rc7 32. Qg5 Rf7 33. Rg4 Qh1 34. Rg1 Qh2+
35. Ke1 Rxf4 36. Re2 Re4 37. Rxe4 Bxe4 38. Rf1 Bf5 39. Qe3 Qxb2 40. Qd2 Qxa3
41. Kf2 Qc5 42. Qe3 Rc8 43. Kg1 Qxc3 44. Qxc3 Rxc3 45. Nxb5 Rb3 46. Nd6 Rb1 47.
Rxb1 Bxb1 48. Nb5 Bd3 49. Na3 g5 50. Kf2 Kf7 51. Ke3 Bf5 52. Kd4 Kg6 53. Nb5
Kxh6 0-1

[Event "Franconville-Lille"]
[Site "Franconville"]
[Date "2007.10.21"]
[Round "1.8"]
[White "Saoudi, Houria"]
[Black "Perrusset, Barbara"]
[Result "0-1"]
[WhiteElo "1450"]
[BlackElo "1864"]
[PlyCount "48"]
[EventDate "2007.10.21"]
[SourceDate "2007.10.24"]

1. e4 c5 2. Nf3 Nc6 3. d4 cxd4 4. Nxd4 e5 5. Nf3 Nf6 6. Nc3 Bb4 7. Bd2 Bxc3 8.
Bxc3 Nxe4 9. Bxe5 Nxe5 10. Nxe5 Qa5+ 11. c3 Qxe5 12. Be2 O-O 13. O-O d5 14. Qc2
Bf5 15. Bd3 Nd6 16. Rfe1 Qf6 17. Re3 Bxd3 18. Qxd3 Nc4 19. Rf3 Ne5 20. Rxf6
Nxd3 21. Rf3 Nxb2 22. Rb1 Nc4 23. Rxb7 Rab8 24. Rd7 Rb1# 0-1

[Event "Le Vesinet-JEEN"]
[Site "Paris"]
[Date "2007.10.21"]
[Round "1.1"]
[White "Large, Laurent"]
[Black "Simon, Olivier"]
[Result "1/2-1/2"]
[WhiteElo "2263"]
[BlackElo "2397"]
[PlyCount "62"]
[EventDate "2007.10.21"]
[SourceDate "2007.10.24"]

1. g3 Nf6 2. Bg2 d5 3. Nf3 c6 4. O-O h6 5. b3 Bf5 6. Bb2 e6 7. c4 Nbd7 8. d3
Bc5 9. Nbd2 O-O 10. Qc2 Qe7 11. h3 Ba3 12. Bc3 Bh7 13. e4 dxe4 14. Nxe4 Rfd8
15. Rad1 a5 16. Qb1 Bb4 17. Bb2 a4 18. Ne5 Nxe5 19. Bxe5 Nxe4 20. dxe4 f6 21.
Bd4 Bc5 22. Bxc5 Qxc5 23. Rxd8+ Rxd8 24. Rd1 Rxd1+ 25. Qxd1 axb3 26. axb3 Qe7
27. e5 fxe5 28. Qh5 Bf5 29. g4 Bc2 30. Qxe5 Bxb3 31. Qb8+ Kf7 1/2-1/2

[Event "Le Vesinet-JEEN"]
[Site "Paris"]
[Date "2007.10.21"]
[Round "1.2"]
[White "Mehaibia, Azzedine"]
[Black "Deslandes, Pascal"]
[Result "1/2-1/2"]
[WhiteElo "2204"]
[BlackElo "2316"]
[PlyCount "58"]
[EventDate "2007.10.21"]
[SourceDate "2007.10.24"]

1. e4 e6 2. d4 d5 3. Nd2 Nf6 4. e5 Nfd7 5. Bd3 c5 6. c3 Nc6 7. Ne2 cxd4 8. cxd4
f6 9. exf6 Nxf6 10. Nf3 Bd6 11. O-O O-O 12. Bg5 Qc7 13. Nc3 a6 14. Bh4 Bd7 15.
Re1 Rae8 16. Rc1 Qa5 17. Ne5 Qc7 18. Bxf6 Rxf6 19. Qh5 g6 20. Nxg6 hxg6 21.
Bxg6 Bxh2+ 22. Kh1 Re7 23. Nxd5 exd5 24. Rxe7 Nxe7 25. Rxc7 Bxc7 26. Qh7+ Kf8
27. Qh6+ Kg8 28. Qh7+ Kf8 29. Qh6+ Kg8 1/2-1/2

[Event "Le Vesinet-JEEN"]
[Site "Paris"]
[Date "2007.10.21"]
[Round "1.3"]
[White "Cheymol, Eric"]
[Black "Marin, Sebastien"]
[Result "1-0"]
[WhiteElo "2150"]
[BlackElo "2181"]
[PlyCount "74"]
[EventDate "2007.10.21"]
[SourceDate "2007.10.24"]

1. e4 g6 2. d4 Bg7 3. Nf3 d6 4. Bc4 Nf6 5. Qe2 O-O 6. O-O Nc6 7. c3 e5 8. dxe5
Nxe5 9. Nxe5 dxe5 10. Nd2 Bh6 11. Rd1 Qe7 12. Nf3 Bxc1 13. Raxc1 Nh5 14. Qe3
Bg4 15. Rd2 Rad8 16. Rxd8 Rxd8 17. Qg5 Qxg5 18. Nxg5 Rf8 19. h3 Bd7 20. Rd1 Nf6
21. f4 Bc6 22. fxe5 Nxe4 23. Nxe4 Bxe4 24. Rd7 c5 25. Kf2 Bc6 26. Rc7 Rd8 27.
Rxf7 Rf8 28. Rxf8+ Kxf8 29. g3 b5 30. Bb3 Ke7 31. Ke3 g5 32. Bc2 h6 33. Be4 Bd7
34. g4 Be6 35. a3 Bb3 36. Bf5 a5 37. Ke4 b4 1-0

[Event "Le Vesinet-JEEN"]
[Site "Paris"]
[Date "2007.10.21"]
[Round "1.4"]
[White "Regoli, Stephane"]
[Black "Imbert, Christophe"]
[Result "1/2-1/2"]
[WhiteElo "2220"]
[BlackElo "2130"]
[PlyCount "156"]
[EventDate "2007.10.21"]
[SourceDate "2007.10.24"]

1. e4 e5 2. Bc4 Nf6 3. Nc3 Bb4 4. Nd5 Nxd5 5. exd5 O-O 6. c3 Bc5 7. Qh5 Qf6 8.
Nh3 d6 9. O-O Bf5 10. d3 Qg6 11. Qxg6 Bxg6 12. b4 Bb6 13. Be3 Nd7 14. Rad1 h6
15. a4 a5 16. Bb5 Bxe3 17. Bxd7 Bb6 18. Kh1 Rfd8 19. Bb5 Bf5 20. Ng1 e4 21.
dxe4 Bxe4 22. Rfe1 Bxd5 23. Rxd5 c6 24. Rf5 g6 25. Rf4 cxb5 26. Re7 f5 27. bxa5
Bxa5 28. axb5 Bxc3 29. Rc4 Ba5 30. g3 d5 31. Rc1 Rab8 32. Nf3 Kf8 33. Rh7 Kg8
34. Re7 Re8 35. Rd7 Red8 36. Re7 Bb4 37. Re6 Kf7 38. Rb6 Bd6 39. Kg2 Rd7 40.
Nh4 Re8 41. Nf3 Re4 42. h4 Rc4 43. Rxd6 Rxd6 44. Ne5+ Ke6 45. Nxc4 dxc4 46.
Rxc4 Rb6 47. Rc5 Kd6 48. Rc8 Kd7 49. Rh8 h5 50. Rg8 Ke7 51. Kf3 Kf7 52. Rc8
Rxb5 53. Kf4 Kf6 54. Rf8+ Kg7 55. Rb8 Rb4+ 56. Ke5 Re4+ 57. Kd6 Re2 58. Rxb7+
Kf6 59. f4 Re3 60. Kd7 Rxg3 61. Ke8 Ke6 62. Rb6+ Kd5 63. Kf7 Ke4 64. Rb4+ Kf3
65. Kf6 Rg4 66. Ra4 Rxf4 67. Ra5 Kg4 68. Kxg6 Kxh4 69. Ra1 Rf3 70. Rh1+ Rh3 71.
Rf1 Kg4 72. Rxf5 h4 73. Rg5+ Kf3 74. Kh5 Rh1 75. Rg8 h3 76. Kh4 Kf2 77. Ra8 h2
78. Kh3 Rb1 1/2-1/2

[Event "Le Vesinet-JEEN"]
[Site "Paris"]
[Date "2007.10.21"]
[Round "1.6"]
[White "Giroux, Fabrice"]
[Black "Castaignet, Laurent"]
[Result "0-1"]
[WhiteElo "2169"]
[BlackElo "2130"]
[PlyCount "56"]
[EventDate "2007.10.21"]
[SourceDate "2007.10.24"]

1. e4 c5 2. c3 d6 3. d4 Nf6 4. f3 Qc7 5. Be3 g6 6. Qd2 Bg7 7. Na3 a6 8. Nc2 O-O
9. h4 h5 10. Nh3 Bxh3 11. Rxh3 cxd4 12. Nxd4 Nc6 13. Be2 d5 14. Nxc6 bxc6 15.
exd5 Nxd5 16. Bc4 Rfd8 17. Bxd5 Rxd5 18. Qc2 Rad8 19. Kf2 Rd3 20. Re1 c5 21.
Rhh1 Be5 22. Rh3 Bf4 23. Bxf4 Qxf4 24. Re2 Rd2 25. g3 Qh6 26. Qe4 Rxe2+ 27.
Kxe2 Qd2+ 28. Kf1 Qd1+ 0-1

[Event "Le Vesinet-JEEN"]
[Site "Paris"]
[Date "2007.10.21"]
[Round "1.7"]
[White "Millet, Maud"]
[Black "Yordanov, Nikolay"]
[Result "0-1"]
[WhiteElo "1910"]
[BlackElo "2187"]
[PlyCount "80"]
[EventDate "2007.10.21"]
[SourceDate "2007.10.24"]

1. e4 e5 2. Nf3 Nc6 3. Bc4 Bc5 4. O-O Nf6 5. d3 d6 6. a4 Bb6 7. c3 O-O 8. h3 h6
9. Na3 Qe7 10. Nc2 Kh8 11. Ne3 a6 12. Re1 Bxe3 13. Bxe3 Be6 14. Bxe6 fxe6 15.
a5 Rae8 16. Qb3 Nd8 17. c4 Nh5 18. Qc3 Rxf3 19. gxf3 Rf8 20. Kg2 Qf6 21. Qd2
Nc6 22. Rg1 Qxf3+ 23. Kh2 Nd4 24. Bxd4 exd4 25. Raf1 e5 26. Qd1 Qxd1 27. Rxd1
Rxf2+ 28. Rg2 Rf3 29. b4 Nf4 30. Rg3 Rf2+ 31. Kh1 Rb2 32. c5 dxc5 33. bxc5 Rb5
34. c6 bxc6 35. Ra1 c5 36. h4 g6 37. Ra2 Rb3 38. Rc2 Rc3 39. Rd2 c4 40. dxc4
Rxg3 0-1

[Event "Le Vesinet-JEEN"]
[Site "Paris"]
[Date "2007.10.21"]
[Round "1.8"]
[White "Gatine, Aurelia"]
[Black "Saglier, Paul"]
[Result "1/2-1/2"]
[WhiteElo "2028"]
[BlackElo "1881"]
[PlyCount "60"]
[EventDate "2007.10.21"]
[SourceDate "2007.10.24"]

1. e4 c5 2. Nf3 d6 3. d4 cxd4 4. Nxd4 Nf6 5. Nc3 a6 6. Be2 e5 7. Nb3 Be7 8. O-O
O-O 9. f4 Qc7 10. f5 b6 11. Bf3 Bb7 12. g4 h6 13. Be3 Nbd7 14. g5 hxg5 15. Bxg5
Nc5 16. Bxf6 Bxf6 17. Kh1 Rac8 18. Rg1 Nxb3 19. axb3 Rfd8 20. Rg3 b5 21. Qg1
Kf8 22. Rg2 Qc5 23. Qxc5 dxc5 24. Nd5 Bxd5 25. exd5 Rd6 26. c4 Rb8 27. Ra5 Bd8
28. Ra1 Bf6 29. Rd1 Ke7 30. Rc1 b4 1/2-1/2

[Event "Neuville en Ferrain-Arras"]
[Site "Neuville en Ferrain"]
[Date "2007.10.21"]
[Round "1.1"]
[White "Depoorter, Enguerran"]
[Black "Goasdoue, Vincent"]
[Result "1/2-1/2"]
[WhiteElo "2200"]
[BlackElo "2146"]
[PlyCount "73"]
[EventDate "2007.10.21"]
[SourceDate "2007.10.24"]

1. d4 Nf6 2. c4 c5 3. d5 Ne4 4. Qc2 Qa5+ 5. Nd2 Nd6 6. e4 g6 7. Ngf3 Bg7 8. Be2
O-O 9. O-O Na6 10. a3 b5 11. cxb5 Nxb5 12. Nc4 Qc7 13. Rd1 Nd4 14. Nxd4 Bxd4
15. Be3 Bxe3 16. Nxe3 d6 17. Qc3 Rb8 18. Nc4 Bd7 19. f4 Bb5 20. Rd2 Bxc4 21.
Bxc4 Qb6 22. f5 Nc7 23. Rf1 Nb5 24. Qe3 Nd4 25. Qh6 g5 26. Qxg5+ Kh8 27. f6 Rg8
28. Qh4 Qa5 29. b4 Qxa3 30. fxe7 Nf3+ 31. Rxf3 Qc1+ 32. Bf1 Qxd2 33. Rxf7 Qd4+
34. Kh1 Rg7 35. Rf8+ Rg8 36. Rf7 Rg7 37. Rf8+ 1/2-1/2

[Event "Neuville en Ferrain-Arras"]
[Site "Neuville en Ferrain"]
[Date "2007.10.21"]
[Round "1.2"]
[White "Andrieux, Pascal"]
[Black "Boudrenghien, Francois"]
[Result "1/2-1/2"]
[WhiteElo "2219"]
[BlackElo "2121"]
[PlyCount "177"]
[EventDate "2007.10.21"]
[SourceDate "2007.10.24"]

1. e4 d6 2. d4 Nf6 3. Nc3 e5 4. Nf3 Nbd7 5. Bc4 Be7 6. O-O O-O 7. h3 c6 8. a3
Qc7 9. Qe2 a6 10. Ba2 b5 11. dxe5 dxe5 12. Nh4 Nc5 13. Nf5 Ne6 14. Be3 Bc5 15.
Bxe6 Bxe3 16. Qxe3 fxe6 17. Ng3 c5 18. Rfd1 Bb7 19. Nce2 Rad8 20. f3 c4 21. Nc3
Rd4 22. Nge2 Rdd8 23. Rxd8 Rxd8 24. Rd1 Rxd1+ 25. Nxd1 Nd7 26. Nf2 Qc5 27. Qxc5
Nxc5 28. Kf1 a5 29. Ke1 b4 30. axb4 axb4 31. Kd2 Kf7 32. Ng4 Nd7 33. c3 b3 34.
Ne3 Ba6 35. Nd1 Nc5 36. Nf2 Bb7 37. Ke3 Na4 38. Nd1 Nc5 39. Nf2 Na4 40. Nd1 Nc5
41. Nc1 Ke7 42. Kd2 Kd6 43. Ne3 Ba6 44. Nd1 Bb7 45. Nf2 Na4 46. Nd1 Nc5 47. Ne3
Ba6 48. Ke2 Na4 49. Nd1 Nc5 50. Ke3 Bb7 51. Nf2 Na4 52. Nd1 Nc5 53. Kd2 Na4 54.
Ne2 Nc5 55. Nf2 Na4 56. Kc1 Nc5 57. Ng3 Ke7 58. Nf1 Kd6 59. Ne3 Ba6 60. Kd2 Na4
61. Ned1 Bb7 62. Ke3 Nc5 63. g3 Bc6 64. h4 Bb7 65. Nh3 Nd3 66. Nhf2 Nc5 67. Ng4
Bc6 68. h5 h6 69. Ngf2 Be8 70. g4 Bd7 71. Kd2 Bc6 72. Ne3 Bb5 73. Ned1 Bc6 74.
Ke3 Bd7 75. Kd2 Bc6 76. Ne3 Bb5 77. Nf1 Bc6 78. Ke3 Bd7 79. Nd2 Bb5 80. Nb1 Na4
81. Nd1 Nc5 82. Na3 Ba6 83. Nf2 Na4 84. Nd1 Nc5 85. Nf2 Na4 86. Nd1 Nc5 87. Nb1
Bb5 88. Na3 Ba6 89. Nf2 1/2-1/2

[Event "Neuville en Ferrain-Arras"]
[Site "Neuville en Ferrain"]
[Date "2007.10.21"]
[Round "1.3"]
[White "Dessenne, Francois"]
[Black "Isufi, Ermal"]
[Result "1-0"]
[WhiteElo "2080"]
[BlackElo "2127"]
[PlyCount "65"]
[EventDate "2007.10.21"]
[SourceDate "2007.10.24"]

1. e4 e5 2. Nf3 d6 3. d4 exd4 4. Nxd4 Nd7 5. Bc4 Nb6 6. Bd3 d5 7. exd5 Qxd5 8.
O-O Bd7 9. Be4 Qd6 10. Bxb7 Rd8 11. Qe2+ Be7 12. Nb5 Qc5 13. N1c3 Nc4 14. Be3
Nxe3 15. Qxe3 Qxe3 16. Nxc7+ Kf8 17. fxe3 Rb8 18. Bd5 Bf6 19. Bb3 Ne7 20. Rad1
Bg4 21. Rd6 Nf5 22. Rd3 Ne7 23. Ne4 Bf5 24. Nxf6 gxf6 25. Rd4 Kg7 26. g4 Rhc8
27. Na6 Rb6 28. gxf5 Rxa6 29. Rd7 Re8 30. e4 Ra5 31. Kf2 Re5 32. Rg1+ Kh6 33.
Rd3 1-0

[Event "Neuville en Ferrain-Arras"]
[Site "Neuville en Ferrain"]
[Date "2007.10.21"]
[Round "1.4"]
[White "Leruste, Georges"]
[Black "Degraeve, Jean Pierre"]
[Result "1/2-1/2"]
[WhiteElo "2117"]
[BlackElo "2134"]
[PlyCount "60"]
[EventDate "2007.10.21"]
[SourceDate "2007.10.24"]

1. d4 d5 2. Nf3 Nf6 3. c4 c6 4. Qc2 Nbd7 5. g3 dxc4 6. Qxc4 e5 7. dxe5 Nxe5 8.
Nxe5 Qa5+ 9. Nc3 Qxe5 10. Bg2 Qc5 11. Qa4 Be6 12. O-O Be7 13. Bd2 O-O 14. Rac1
Qh5 15. Rfe1 Rfd8 16. Rcd1 Bc5 17. Ne4 Nxe4 18. Bxe4 Bg4 19. Bc3 Rxd1 20. Qxd1
Re8 21. Qd3 Bb6 22. e3 Rd8 23. Qc4 Be6 24. Qa4 Bd5 25. Bxd5 Qxd5 26. Qg4 g6 27.
Qh4 f5 28. Qe7 Qf7 29. Qe5 Kf8 30. Qh8+ Qg8 1/2-1/2

[Event "Neuville en Ferrain-Arras"]
[Site "Neuville en Ferrain"]
[Date "2007.10.21"]
[Round "1.5"]
[White "Vanacker, Stephane"]
[Black "Stawiarski, Edmond"]
[Result "1/2-1/2"]
[WhiteElo "2032"]
[BlackElo "2122"]
[PlyCount "107"]
[EventDate "2007.10.21"]
[SourceDate "2007.10.24"]

1. d4 Nf6 2. Nf3 e6 3. Bg5 c5 4. c3 Qb6 5. Qb3 Nc6 6. e3 Be7 7. Nbd2 d5 8. Be2
h6 9. Bh4 Qd8 10. a4 cxd4 11. exd4 O-O 12. O-O b6 13. Bb5 Bb7 14. Rad1 Rc8 15.
Rfe1 Na5 16. Qc2 Nc4 17. Ne5 Nxe5 18. Rxe5 Ne4 19. Bxe7 Qxe7 20. Nxe4 dxe4 21.
Rh5 Rfd8 22. Qe2 Rc7 23. Ra1 a5 24. Re1 Qf6 25. Qe3 Rd5 26. Be2 Rxh5 27. Bxh5
Bd5 28. Bd1 Rd7 29. Bc2 Bc6 30. b3 e5 31. Bxe4 exd4 32. cxd4 Bxe4 33. Qxe4 Rxd4
34. Qe3 Qd6 35. Qe8+ Qf8 36. f3 Qxe8 37. Rxe8+ Kh7 38. Kf2 Kg6 39. Ke2 Kf5 40.
Rc8 Rb4 41. Rc3 Ke5 42. Ke3 f5 43. Kd3 Rd4+ 44. Kc2 Rd6 45. Rc4 g5 46. g3 h5
47. f4+ gxf4 48. Rxf4 Rd4 49. Rxd4 Kxd4 50. Kd2 Ke4 51. Ke2 f4 52. gxf4 Kxf4
53. Kf2 Kg4 54. Kg2 1/2-1/2

[Event "Neuville en Ferrain-Arras"]
[Site "Neuville en Ferrain"]
[Date "2007.10.21"]
[Round "1.6"]
[White "Dervaux, Christian"]
[Black "Stevens, Christian"]
[Result "1/2-1/2"]
[WhiteElo "2040"]
[BlackElo "2135"]
[PlyCount "37"]
[EventDate "2007.10.21"]
[SourceDate "2007.10.24"]

1. e4 c5 2. c3 Nf6 3. f3 e5 4. d3 Nc6 5. Ne2 d5 6. Ng3 Be6 7. Nd2 Qd7 8. Be2
Be7 9. O-O O-O 10. Kh1 Rad8 11. Qe1 a6 12. Qf2 Ne8 13. exd5 Bxd5 14. Nde4 b6
15. Rd1 f5 16. Nd2 Qc7 17. Ndf1 Bh4 18. f4 e4 19. Ne3 1/2-1/2

[Event "Neuville en Ferrain-Arras"]
[Site "Neuville en Ferrain"]
[Date "2007.10.21"]
[Round "1.7"]
[White "Tupet, Guillaume"]
[Black "Loyer, Angelique"]
[Result "1-0"]
[WhiteElo "2031"]
[BlackElo "1982"]
[PlyCount "123"]
[EventDate "2007.10.21"]
[SourceDate "2007.10.24"]

1. d4 d5 2. Nf3 Nf6 3. c4 c6 4. Nc3 dxc4 5. a4 Bf5 6. e3 e6 7. Bxc4 Nbd7 8. O-O
Be7 9. Qe2 Nb6 10. Ba2 O-O 11. e4 Bg4 12. Rd1 Qc7 13. h3 Bh5 14. Bg5 Rfe8 15.
Rac1 Rad8 16. g4 Nxg4 17. hxg4 Bxg5 18. Nxg5 Qf4 19. gxh5 Qxg5+ 20. Kh2 Rxd4
21. Rxd4 Qxc1 22. Qd2 Qxd2 23. Rxd2 a5 24. Kg3 Kf8 25. Kf4 Ke7 26. b3 Nd7 27.
Bb1 h6 28. Bc2 Ra8 29. Na2 Nc5 30. Nc1 Na6 31. Nd3 Rd8 32. Ke3 f6 33. f4 b5 34.
Nb2 Rxd2 35. Kxd2 Kd6 36. Nd3 b4 37. Ke3 c5 38. Nb2 e5 39. Nc4+ Ke6 40. Nxa5
Nb8 41. Nb7 Nd7 42. Bd3 exf4+ 43. Kxf4 Ne5 44. Ke3 g5 45. hxg6 Nxg6 46. Bc4+
Ke7 47. Nxc5 h5 48. Nd3 h4 49. Nf4 Ne5 50. Be2 Kd6 51. Nd3 Nc6 52. Bg4 Na5 53.
Nxb4 Nxb3 54. Nd3 Na5 55. Kf4 Nc4 56. Bh3 Kc6 57. e5 fxe5+ 58. Nxe5+ Nxe5 59.
Kxe5 Kb6 60. Kf4 Ka5 61. Bd7 Kb6 62. Kg4 1-0

[Event "Neuville en Ferrain-Arras"]
[Site "Neuville en Ferrain"]
[Date "2007.10.21"]
[Round "1.8"]
[White "Manet, Eric"]
[Black "Warkentin, Sabine"]
[Result "1-0"]
[WhiteElo "2026"]
[BlackElo "1768"]
[PlyCount "51"]
[EventDate "2007.10.21"]
[SourceDate "2007.10.24"]

1. e4 c6 2. d4 d5 3. Nc3 dxe4 4. Nxe4 Bf5 5. Ng3 Bg6 6. Nf3 Nd7 7. h4 h5 8. Be2
Qc7 9. Be3 e6 10. Bd3 Bxd3 11. Qxd3 Ngf6 12. Bd2 Bd6 13. Ne4 Nxe4 14. Qxe4 Nf6
15. Qe2 O-O-O 16. O-O-O Nd5 17. g3 Rde8 18. c4 Nf6 19. c5 Be7 20. Ne5 Rhf8 21.
Nc4 Qd7 22. Bf4 Qd5 23. Rhe1 g6 24. Qc2 Nd7 25. Qa4 a6 26. Qb4 1-0

[Event "Rueil Malmaison-Club 608"]
[Site "Rueil Malmaison"]
[Date "2007.10.21"]
[Round "1.1"]
[White "Williams, Simon"]
[Black "Carlhammar, Magnus"]
[Result "1-0"]
[WhiteElo "2475"]
[BlackElo "2349"]
[PlyCount "115"]
[EventDate "2007.10.21"]
[SourceDate "2007.10.24"]

1. e4 c5 2. Nf3 d6 3. d4 cxd4 4. Nxd4 Nf6 5. Nc3 a6 6. Bc4 e6 7. Bb3 b5 8. Bg5
Be7 9. Qf3 Ra7 10. O-O-O Qa5 11. Bd2 Qc7 12. Be3 Rb7 13. g4 O-O 14. g5 Nfd7 15.
g6 Nc5 16. gxh7+ Kh8 17. Rhg1 Bf6 18. Rg2 Nc6 19. Qxf6 gxf6 20. Rdg1 Ne7 21.
Bh6 Re8 22. Bg7+ Kxh7 23. Rg3 Ng6 24. Bxf6 Kg8 25. h4 b4 26. h5 bxc3 27. hxg6
Nxe4 28. Nf5 Nxf6 29. Rh1 cxb2+ 30. Kb1 fxg6 31. Rxg6+ Qg7 32. Nxg7 Rxg7 33.
Rxf6 d5 34. Kxb2 Bd7 35. Kc3 Rf8 36. Rh8+ Kxh8 37. Rxf8+ Kh7 38. Kd4 Kg6 39.
Ke5 Rf7 40. Rxf7 Kxf7 41. c4 dxc4 42. Bxc4 a5 43. Kd6 Be8 44. Bxe6+ Kf6 45. f4
Bg6 46. Bd7 Bb1 47. a3 Bc2 48. Kc5 Ke7 49. Bg4 a4 50. Kb4 Kd6 51. Kc4 Bb3+ 52.
Kb4 Bc2 53. Bh5 Ke6 54. Be8 Kf5 55. Bxa4 Be4 56. Bd7+ Kxf4 57. a4 Ke3 58. Kc5
1-0

[Event "Rueil Malmaison-Club 608"]
[Site "Rueil Malmaison"]
[Date "2007.10.21"]
[Round "1.2"]
[White "Aguirre, Simon"]
[Black "Bratanov, Jivko"]
[Result "0-1"]
[WhiteElo "2260"]
[BlackElo "2459"]
[PlyCount "96"]
[EventDate "2007.10.21"]
[SourceDate "2007.10.24"]

1. d4 Nf6 2. Nf3 e6 3. c4 c5 4. Nc3 cxd4 5. Nxd4 Nc6 6. Ndb5 Bb4 7. a3 Bxc3+ 8.
Nxc3 d5 9. cxd5 exd5 10. e3 O-O 11. Be2 d4 12. exd4 Nxd4 13. Be3 Nxe2 14. Qxd8
Rxd8 15. Kxe2 b6 16. f3 Ba6+ 17. Kf2 Nd7 18. Nd5 Bc4 19. Ne7+ Kf8 20. Nc6 Rdc8
21. Rhd1 Nc5 22. Bxc5+ bxc5 23. Rac1 Bb5 24. Ne5 Rab8 25. Rd5 f6 26. Ng4 Be8
27. Rcxc5 Rxb2+ 28. Kg3 Rcb8 29. Rc7 Re2 30. Ra5 h5 31. Raxa7 hxg4 32. Rxg7
gxf3 33. gxf3 Rbb2 34. Kf4 Rxh2 35. Rgc7 Rh4+ 36. Kg3 Rbh2 37. Ra6 R4h3+ 38.
Kg4 Rh6 39. Raa7 R2h5 40. f4 f5+ 41. Kg3 Rg6+ 42. Kf2 Rh2+ 43. Ke3 Re6+ 44. Kd3
Rd6+ 45. Kc3 Rh3+ 46. Kc4 Re6 47. Rh7 Rxh7 48. Rxh7 Bf7 0-1